| 000 | 00351nam a2200145Ia 4500 | ||
|---|---|---|---|
| 008 | 230917s9999||||xx |||||||||||||| ||und|| | ||
| 040 |
_e147230 _aMAIN |
||
| 041 | _aEnglish | ||
| 082 | _a820.9 S38G | ||
| 100 | _aSilva,Neluka | ||
| 245 | 4 | _aThe Grendered Nation | |
| 260 |
_aNew Delhi _bSage Publications _c2004 |
||
| 300 | _a256p. p. | ||
| 942 | _cBK | ||
| 999 |
_c154556 _d154556 |
||